000 00822nam a2200265Ia 4500
001 16503
003 GE_BSU
008 181216s||||||||xx |||||||||||||| ||und||
020 _a9785991642354
040 _cGE_BSU
080 _a543(075.8)
245 _aАналитическая химия. Кн.2.
245 _bУч-к практикум для прикладного бакалавриата
260 _aМосква
260 _bЮрайт
260 _c2014
300 _a360стр.илл.22см.
300 _eПриложение стр.343-349
541 _h50ლ.
653 _aАналитическая химия
653 _aФизико-химические методы анализа
653 _aანალიზური ქიმია
653 _aქიმია
942 _cBK
999 _c49571
_d49571